Statistics for 10 Biggest North American Countries by Area Quiz

Click here to take the quiz!

General Stats

  • This quiz has been taken 21 times
  • The average score is 9 of 10

Answer Stats

Area Sq. Km.Answer% Correct
9,984,670Canada
100%
9,629,091United States
100%
2,972,086Mexico
100%
110,860Cuba
100%
112,090Honduras
92%
78,200Panama
92%
129,494Nicaragua
83%
108,890Guatemala
83%
51,100Costa Rica
83%
48,730Dominican Republic
83%

Score Distribution

Percentile by Number Answered

Percent of People with Each Score

Your Score History

You have not taken this quiz